Management nadměrného cestovního ruchu na příkladech z praxe
Problematika nadmerného cestovného ruchu (overtourism), ktorý býva umocnený odporúčaniami známych osobností, influencermi či natáčaním obľúbených filmov v oblasti. Analýza javu nadmerného cestovného ruchu s odkazom na manažérske nástroje a stratégie jeho zvládania. Východisko z literárnej rešerše, k...
Saved in:
| Main Author: | |
|---|---|
| Format: | Book Chapter |
| Language: | Czech |
| Subjects: | |
| Tags: |
No Tags, Be the first to tag this record!
|
MARC
| LEADER | 00000naa a2200000 4500 | ||
|---|---|---|---|
| 001 | 0267673 | ||
| 005 | 20251210125844.1 | ||
| 041 | 0 | |a cze | |
| 044 | |a CZ | ||
| 245 | 1 | 0 | |a Management nadměrného cestovního ruchu na příkladech z praxe |c Lucie Sára Závodná |
| 520 | |a Problematika nadmerného cestovného ruchu (overtourism), ktorý býva umocnený odporúčaniami známych osobností, influencermi či natáčaním obľúbených filmov v oblasti. Analýza javu nadmerného cestovného ruchu s odkazom na manažérske nástroje a stratégie jeho zvládania. Východisko z literárnej rešerše, ktorá predstavuje niektoré výskumy iných autorov v oblasti overtourismu a vzťahov destinácia-rezident-hosť. Príklady dobrých praxí a konkrétnych riešení vo vybraných destináciách po celom svete (Barcelona, Amsterdam, Benátky, Rím, Kodaň, Bruggy, Dubrovník, Santorini, Island a Machu Picchu). Predstavenie manažérskych nástrojov a opatrení, ku ktorým destinácie pristupujú pri predchádzaní problematiky, riešenie negatívnych dôsledkov nadmerného turizmu. | ||
| 610 | 2 | 0 | |a ruch cestovný medzinárodný |
| 610 | 2 | 0 | |a ruch cestovný nadmerný |
| 610 | 2 | 0 | |a politika ruchu cestovného |
| 610 | 2 | 0 | |a stratégia podnikateľská |
| 610 | 2 | 0 | |a metódy riadenia |
| 610 | 2 | 0 | |a manažment destinačný |
| 610 | 2 | 0 | |a porovnanie medzinárodné |
| 610 | 2 | 0 | |a analýzy |
| 100 | 1 | |a Závodná, Lucie Sára | |